005600000a22001690004500060000800000082002200008100001700030100001400047245009400061260002700155260000900182300000800191650004500199942000700244999001900251952012000270 a100 a582.130 419 2 PRI aPridham, J B aSwain, T aBiosynthetic pathways in higher plants proceedings of the plant phenolics group symposium aLondon, Academic press c1965 a212 aHigher plants/ Biosynthesis/ Priogenesis cBK c351879d351879 00104070aKAUCOAVbKAUCOAVd2014-05-02l0o582.130 419 2 PRIpKAU_COAV-10572r2014-05-02 00:00:00w2014-05-02yBK